Effect of using water hyacinth by supplementation of cassa va hay on protozoa population in rumen of local ''yellow'' cattle at rua, ឥទ្ធិពលនៃការប្រើប្រាស់កំប្លោកដោយបន្ថែមស្លឹកដំឡូងមីក្រៀមមលើចំនួនប្រូតូសូអ៊ែនៅក្នុងពោះធំរបស់ពូជគោក្នុងស្រុក នៅស្ថានីយ៍ពិសោធន្៍សត្វ ស.វ.ភ.ក. (Record no. 2402)

000 -LEADER
fixed length control field 00885nam a22001337a 4500
040 ## - CATALOGING SOURCE
Transcribing agency RUA
082 ## - DEWEY DECIMAL CLASSIFICATION NUMBER
Classification number AVM NOU 2010 B091 Or.1
100 ## - MAIN ENTRY--AUTHOR NAME
Personal name NOUN, KIMSAN.
245 ## - TITLE STATEMENT
Title Effect of using water hyacinth by supplementation of cassa va hay on protozoa population in rumen of local ''yellow'' cattle at rua, ឥទ្ធិពលនៃការប្រើប្រាស់កំប្លោកដោយបន្ថែមស្លឹកដំឡូងមីក្រៀមមលើចំនួនប្រូតូសូអ៊ែនៅក្នុងពោះធំរបស់ពូជគោក្នុងស្រុក នៅស្ថានីយ៍ពិសោធន្៍សត្វ ស.វ.ភ.ក.
260 ## - PUBLICATION, DISTRIBUTION, ETC. (IMPRINT)
Place of publication phnom phen
Name of publisher RUA
Year of publication 2010
300 ## - PHYSICAL DESCRIPTION
Number of Pages IX,35p.
Other physical details ill.
Dimensions 29cm.
856 ## - ELECTRONIC LOCATION AND ACCESS
Uniform Resource Identifier https://drive.google.com/file/d/1EKwCOjAhi5o-MKurEBi_Bzfa0QeJQ16e/view?usp=sharing
942 ## - ADDED ENTRY ELEMENTS (KOHA)
Koha item type AVM
952 ## - LOCATION AND ITEM INFORMATION (KOHA)
Withdrawn status [LOCAL, KOHA] 0
952 ## - LOCATION AND ITEM INFORMATION (KOHA)
Withdrawn status [LOCAL, KOHA] 0
952 ## - LOCATION AND ITEM INFORMATION (KOHA)
Withdrawn status [LOCAL, KOHA] 0
952 ## - LOCATION AND ITEM INFORMATION (KOHA)
Withdrawn status [LOCAL, KOHA] 0
952 ## - LOCATION AND ITEM INFORMATION (KOHA)
Withdrawn status [LOCAL, KOHA] 0
952 ## - LOCATION AND ITEM INFORMATION (KOHA)
Withdrawn status [LOCAL, KOHA] 0
952 ## - LOCATION AND ITEM INFORMATION (KOHA)
Withdrawn status [LOCAL, KOHA] 0
952 ## - LOCATION AND ITEM INFORMATION (KOHA)
Withdrawn status [LOCAL, KOHA] 0
Holdings
Permanent Location Date acquired Koha item type Lost status Shelving location Barcode Current Location Full call number
Library Block B2015-10-20AVM B091RUA015508Library Block BAVM NOU 2010 B091 Or.1
Library Block B2015-10-20AVM B091RUA019561Library Block BAVM NOU 2010 B091 Or.2
Library Block B2015-10-20AVM B091RUA019857Library Block BAVM NOU 2010 B091 Or.3
Library Block B2015-10-20AVM B091RUA017160Library Block BAVM NOU 2010 B091 Or.4
Library Block B2015-10-20AVM B091RUA015845Library Block BAVM NOU 2010 B091 Or.5
Library Block B2015-10-20AVM B091RUA015724Library Block BAVM NOU 2010 B091 Or.6
Library Block B2015-10-20AVM B091RUA015652Library Block BAVM NOU 2010 B091 Or.7
Library Block B2015-10-20AVM B091RUA015363Library Block BAVM NOU 2010 B091 Or.8
មជ្ឈមណ្ឌលឯការនៃសាកលវិទ្យាល័យភូមិន្ទកសិកម្មចំការដូង

Powered by Koha